[Event "ch-Commonwealth"]
[Site "Nagpur IND"]
[Date "2008.10.03"]
[Round "7"]
[White "Chatterjee,D"]
[Black "Lobo,Ri2"]
[Result "1-0"]
[WhiteElo "2231"]
[BlackElo "1979"]

1.d4 Nf6 2.Nf3 g6 3.c4 Bg7 4.Nc3 O-O 5.e4 d6 6.Be2 e5 7.O-O Nc6 8.d5 Ne7
9.b4 Nh5 10.Re1 f5 11.Ng5 Nf6 12.f3 h6 13.Ne6 Bxe6 14.dxe6 c6 15.Be3 Re8
16.Qb3 Qc8 17.Rad1 Rd8 18.c5 d5 19.exd5 Nfxd5 20.Bc4 Qxe6 21.Bf4 g5 22.Bc1 Kh8
23.Bb2 Rd7 24.a4 Rad8 25.b5 Qg6 26.a5 g4 27.fxg4 Qxg4 28.Nxd5 cxd5 29.Be2 Qg6
30.Rc1 d4 31.Bc4 d3 32.Rxe5 d2 33.Rd1 Bxe5 34.Bxe5+ Kh7 35.Be2 Rd5 36.Ba1 Rxc5
37.Qe3 Qd6 38.Rxd2 Nd5 39.Qd4 Rc1+ 40.Bf1 Qc5 41.Qxc5 Rxc5 42.Bd4 Nc7 43.Bxc5 Rxd2
44.Bxa7 Rb2 45.b6 Nd5 46.Bd3 Ne3 47.g4 Rg2+ 48.Kh1 Rxg4 49.a6 Ra4 50.Kg1 bxa6
51.b7 Rb4 52.b8=Q Rxb8 53.Bxb8 Kg6 54.Bxa6 Kg5 55.Kf2 Ng4+ 56.Kg3 h5 57.Bf4+ Kg6
58.Bb5 Nf6 59.Bc6 Kg7 60.Kh4 Kh7 61.Kg5 Ng4 62.Bd7 Nh6 63.Bxf5+ Nxf5 64.Kxf5 Kg7
65.h4  1-0

[Event "1st WMSG Blitz Ind w"]
[Site "Beijing CHN"]
[Date "2008.10.04"]
[Round "2"]
[White "Golubenko,Valen"]
[Black "Zawadzka,J"]
[Result "1-0"]
[WhiteElo "2273"]
[BlackElo "2378"]

1.d4 Nf6 2.c4 g6 3.Nf3 Bg7 4.Nc3 d6 5.e4 O-O 6.Be2 e5 7.O-O Nc6 8.d5 Ne7
9.b4 a5 10.bxa5 c5 11.dxc6 Nxc6 12.Qc2 Rxa5 13.Rd1 Be6 14.Nb5 Ne8 15.c5 Nd4
16.Nfxd4 exd4 17.Nxd4 Rxc5 18.Qb1 Qc7 19.Nxe6 fxe6 20.Bb2 Bxb2 21.Qxb2 Rc2
22.Qb5 Nf6 23.Bd3 Rc3 24.Rab1 Ng4 25.f3 Ne5 26.Bf1 Rc2 27.Qb3 Qc5+ 28.Kh1 Re8
29.Qb5 Re7 30.Qxc5 dxc5 31.a4 Nc6 32.Bb5 Nd4 33.Rbc1 Rxc1 34.Rxc1 Rc7 35.Bc4 Kf7
36.Kg1 Ke7 37.Kf2 Kd6 38.Rb1 Kc6 39.Ke3 b6 40.Bb5+ Nxb5 41.axb5+ Kd6 42.Rd1+ Ke7
43.Kf4 Ra7 44.Ke5 Ra5 45.Rd6 Rxb5 46.Rxe6+ Kf7 47.Kd6 Rb2 48.Re7+ Kf8 49.Rxh7 Rxg2
50.f4 c4 51.e5 c3 52.e6 Rd2+ 53.Ke5 c2 54.Kf6 Kg8 55.Rc7 b5 56.e7 Re2 57.Rxc2 Re3
58.Kxg6 Rxe7 59.Rc8+  1-0

[Event "1st WMSG Blitz Ind w"]
[Site "Beijing CHN"]
[Date "2008.10.04"]
[Round "3"]
[White "Zenyuk,I"]
[Black "Huang Qian"]
[Result "1-0"]
[WhiteElo "2237"]
[BlackElo "2430"]

1.d4 Nf6 2.Nf3 g6 3.c4 Bg7 4.Nc3 O-O 5.e4 d6 6.Be2 e5 7.O-O Nc6 8.d5 Ne7
9.b4 a5 10.bxa5 Rxa5 11.Nd2 c5 12.Nb3 Ra6 13.a4 Kh8 14.a5 Nfg8 15.Na4 f5
16.Bf3 Nf6 17.Nc3 h6 18.Qc2 fxe4 19.Nxe4 Bf5 20.Re1 Nxe4 21.Bxe4 Bxe4 22.Qxe4 Nf5
23.Bd2 Kh7 24.f3 Qf6 25.Rab1 Rf7 26.Bc3 Qg5 27.Bd2 Qd8 28.Bc3 Qg5 29.Bd2 Qd8
30.Bc3 Ra8 31.Nd2 Qg5 32.Qe2 Qd8 33.Ne4 Ra6 34.Rb3 Qc8 35.Reb1 Ne7 36.Rb6 Nf5
37.Qb2 Rd7 38.Bd4 Rc7 39.Kf1 Re7 40.Nd2 e4 41.Nxe4 Ra7 42.Rxd6 Bf6 43.Nxf6+ Kg7
44.Rd7 Rxd7 45.Nxd7+ Kf7 46.Ne5+ Kf6 47.f4 g5 48.Nd3+ Ke7 49.Ne5 Kf6 50.fxg5+ hxg5
51.Nd7+ Ke7 52.Ne5 Kf6 53.Nf3+ Kg6 54.h4 Kh7 55.d6  1-0

[Event "1st WMSG Blitz Ind w"]
[Site "Beijing CHN"]
[Date "2008.10.04"]
[Round "6"]
[White "Zenyuk,I"]
[Black "Dembo,Y"]
[Result "0-1"]
[WhiteElo "2237"]
[BlackElo "2446"]

1.d4 Nf6 2.Nf3 g6 3.c4 Bg7 4.Nc3 d6 5.e4 O-O 6.Be2 e5 7.O-O Nc6 8.d5 Ne7
9.b4 Nh5 10.Re1 a5 11.bxa5 Rxa5 12.Nd2 Nf4 13.Bf1 c5 14.Nb3 Ra8 15.a4 Nh5
16.a5 Nf6 17.Na4 Nd7 18.Bd2 f5 19.Bd3 Rb8 20.Rb1 Nf6 21.exf5 gxf5 22.Nb6 e4
23.Nxc8 Rxc8 24.Bc2 Ng6 25.f3 Qe7 26.fxe4 fxe4 27.Bc3 Qf7 28.Rf1 Rce8 29.Nc1 Qd7
30.Ne2 Qg4 31.h3 Qh4 32.Be1 Qh5 33.Ng3 Qxd1 34.Rxd1 e3 35.Ne2 Ne5 36.Bd3 Nxd3
37.Rxd3 Re4 38.Rf3 Rxc4 39.Rfxe3 Re8 40.Rxe8+ Nxe8 41.Kh2 Nc7 42.Bg3 Nb5
43.Re3 Kf7 44.Rf3+ Kg8 45.Nf4 Nd4 46.Re3 Nf5 47.Re8+ Kf7 48.Rb8 Nxg3 49.Rxb7+ Kg8
50.Kxg3 Be5 51.Rb8+ Kg7 52.Rb7+ Kf6 53.a6 Rxf4 54.Rxh7 Ra4+ 55.Kf3 Rxa6 56.Rh6+ Kg7
57.Re6 c4 58.Re7+ Kf6 59.Rc7 c3 60.g4 Ra2 61.Ke3 Rh2 62.Kd3 Rxh3+ 63.Kc2 Rh2+
64.Kb3 Rb2+  0-1

[Event "Tatry Open"]
[Site "Tatranske Zruby SVK"]
[Date "2008.10.04"]
[Round "9"]
[White "Gardner,L"]
[Black "Zadrapa,R"]
[Result "1-0"]
[WhiteElo "2166"]
[BlackElo "2075"]

1.d4 Nf6 2.c4 d6 3.Nc3 g6 4.e4 Bg7 5.Nf3 O-O 6.Be2 e5 7.O-O Nc6 8.d5 Ne7
9.b4 Ne8 10.c5 f5 11.Qb3 h6 12.Ba3 Kh7 13.b5 Ng8 14.Nd2 f4 15.f3 Rf7 16.Nc4 b6
17.cxd6 cxd6 18.Bb4 Bf8 19.a4 Ngf6 20.a5 Rb8 21.Qa3 Qe7 22.Kf2 g5 23.Ke1 g4
24.Kd2 Rg7 25.Rac1 gxf3 26.gxf3 Rg2 27.Rh1 Nd7 28.Rcg1 Rxg1 29.Rxg1 Nc5 30.Bxc5 dxc5
31.axb6 axb6 32.Na4 Qf6 33.Qc3 Bg7 34.Rxg7+ Kxg7 35.Qxe5 Qxe5 36.Nxe5 Nd6
37.Nc6 Rb7 38.Kc3 Bh3 39.Bd3 Nc8 40.e5 Kf8 41.Nb2 Rg7 42.Be4 Rg2 43.Nd3 Rxh2
44.Nxf4 Bf1 45.d6  1-0

[Event "Chigorin Memorial"]
[Site "St Petersburg RUS"]
[Date "2008.10.05"]
[Round "2"]
[White "Nuretdinov,I"]
[Black "Efremova,D"]
[Result "1-0"]
[WhiteElo "2174"]
[BlackElo "1933"]

1.d4 Nf6 2.c4 g6 3.Nc3 Bg7 4.e4 O-O 5.Nf3 d6 6.Be2 e5 7.O-O Nc6 8.d5 Ne7
9.b4 Ne8 10.c5 a5 11.Ba3 f5 12.Nd2 Nf6 13.bxa5 Rxa5 14.Nc4 Ra6 15.Qb3 Nxe4
16.Nxe4 fxe4 17.Nd2 Ra8 18.Nxe4 Nf5 19.Qb2 dxc5 20.Bxc5 Nd6 21.f3 Kh8 22.Qb4 Rf4
23.Bxd6 cxd6 24.Qxd6 Qxd6 25.Nxd6 Bd7 26.Ne4 Ra5 27.Bc4 Rf8 28.Rab1 b5 29.Bd3 Rb8
30.g4 Rxa2 31.Rfc1 Ra3 32.Nc5 Be8 33.Be4 Bh6 34.Rc2 Be3+ 35.Kg2 Rc8 36.Rb3 b4
37.Rxb4 Bxc5 38.Rxc5 Rxc5 39.Rb8 Kg7 40.Rxe8 Ra2+ 41.Kg3 Rd2 42.Rxe5 Kf7
43.h4 h6 44.Kf4 Ra5 45.h5 gxh5 46.Rxh5 Ra6 47.Ke5 Ke7 48.Rh1 Rb2 49.Rc1 Kd8
50.Bf5 Re2+ 51.Kf4 Ra4+ 52.Be4 Rd2 53.Ke5  1-0

[Event "Chigorin Memorial"]
[Site "St Petersburg RUS"]
[Date "2008.10.05"]
[Round "3"]
[White "Kirusha,A"]
[Black "Nuretdinov,I"]
[Result "1-0"]
[WhiteElo "2373"]
[BlackElo "2174"]

1.Nf3 Nf6 2.c4 g6 3.Nc3 Bg7 4.e4 d6 5.d4 O-O 6.Be2 e5 7.O-O Nc6 8.d5 Ne7
9.b4 a5 10.bxa5 Rxa5 11.a4 c5 12.Ra3 Nh5 13.Re1 h6 14.Nd2 Nf4 15.Bf1 g5 16.Nb5 Ra6
17.g3 Nfg6 18.Be2 Kh8 19.Bg4 Ng8 20.h3 Nf6 21.Kg2 Bd7 22.Nf1 Qc8 23.Bxd7 Qxd7
24.Qc2 g4 25.hxg4 Qxg4 26.f3 Qd7 27.Ne3 Ne7 28.Rh1 Kh7 29.Kf1 Rh8 30.f4 Ng4
31.Nxg4 Qxg4 32.f5 Bf6 33.Qe2 Qxe2+ 34.Kxe2 Kg7 35.g4 Nc8 36.Nc7 Rb6 37.Rah3 Rb4
38.Rxh6 Rxh6 39.Bxh6+ Kg8 40.g5 Bh8 41.f6 Rb2+ 42.Kd3 Rb3+ 43.Kd2 Nb6 44.Ne8 Nxc4+
45.Kc2 Rg3 46.Bg7  1-0

[Event "FSIM October"]
[Site "Budapest HUN"]
[Date "2008.10.07"]
[Round "4"]
[White "Bacso,G"]
[Black "Kislik,E"]
[Result "0-1"]
[WhiteElo "2181"]
[BlackElo "2278"]

1.d4 Nf6 2.c4 g6 3.Nc3 Bg7 4.e4 d6 5.Nf3 O-O 6.Be2 e5 7.O-O Nc6 8.d5 Ne7
9.Ne1 Nd7 10.Nd3 f5 11.f3 Nf6 12.Bd2 f4 13.c5 g5 14.Rc1 Ng6 15.cxd6 cxd6
16.Nb5 Rf7 17.Qc2 Ne8 18.a4 h5 19.Nf2 a6 20.Na3 Nf6 21.h3 b6 22.Nc4 Rb8 23.a5 b5
24.Nb6 Bb7 25.Qb3 Bf8 26.Rc3 Ne7 27.Rfc1 Nc8 28.Nxc8 Bxc8 29.Rc6 Bb7 30.R6c2 Rg7
31.Bb4 Be7 32.Nd3 Kh8 33.Be1 g4 34.hxg4 hxg4 35.Nb4 g3 36.Nc6 Bxc6 37.dxc6 Qc7
38.Qe6 Qa7+  0-1

[Event "8th YM"]
[Site "Winterthur SUI"]
[Date "2008.10.07"]
[Round "5"]
[White "Wirig,A"]
[Black "Pokazanjev,N"]
[Result "0-1"]
[WhiteElo "2458"]
[BlackElo "2475"]

1.d4 Nf6 2.c4 g6 3.Nc3 Bg7 4.e4 d6 5.Nf3 O-O 6.Be2 e5 7.O-O Nc6 8.d5 Ne7
9.b4 Nh5 10.Re1 f5 11.Ng5 Nf6 12.Bf3 c6 13.Bb2 h6 14.Ne6 Bxe6 15.dxe6 fxe4
16.Nxe4 Nxe4 17.Rxe4 Nf5 18.Re2 Re8 19.b5 Rc8 20.bxc6 bxc6 21.Qa4 Qc7 22.Rb1 Rxe6
23.Bc3 Re7 24.Be4 Kh7 25.g4 Nh4 26.Be1 Rf7 27.Rb3 Rf4 28.f3 d5 29.Bxh4 dxe4
30.Rxe4 Rxe4 31.fxe4 Qd7 32.Re3 Qxg4+ 33.Bg3 h5 34.h4 g5  0-1

[Event "1st WMSG Blitz Pair"]
[Site "Beijing CHN"]
[Date "2008.10.08"]
[Round "6"]
[White "Hernandez Guerrero,Y"]
[Black "Dembo,Y"]
[Result "1/2-1/2"]
[WhiteElo "2228"]
[BlackElo "2446"]

1.d4 Nf6 2.Nf3 g6 3.c4 Bg7 4.Nc3 O-O 5.e4 d6 6.Be2 e5 7.O-O Nc6 8.dxe5 dxe5
9.Qxd8 Rxd8 10.Bg5 Re8 11.Nb5 Re7 12.Rfd1 Bg4 13.h3 Bxf3 14.Bxf3 h6 15.Bxf6 Bxf6
16.c5 Bg7 17.Rd2 a6 18.Nc3 Nd4 19.Rad1 h5 20.Ne2 c6 21.Rd3 Rd8 22.Nxd4 exd4
23.g4 h4 24.b4 Bf6 25.a4 Kg7 26.Bg2 g5 27.f3 Red7 28.Bf1 Be7 29.Kf2 a5 30.bxa5 Bxc5
31.Rc1 Bb4 32.a6 bxa6 33.Rxc6 a5 34.Be2 f6 35.f4 gxf4 36.Kf3 Rd6 37.Rc4 Kg6
38.Kxf4 R6d7 39.Kf3 Kg5 40.Bd1 Rd6 41.Bb3 Bc3 42.Rc7 R6d7 43.Rc6 Bb4 44.Be6 Rd6
45.Rxd6 Rxd6 46.Bc4 Bc3 47.Bb5 Rd8 48.Bc6 Rb8 49.Bb5 Rb6 50.e5 fxe5 51.Ke4 Re6
52.Bd7 Re7 53.Bf5 Bb4 54.Rd1 Kf6 55.Rc1 Bc3 56.Rb1 Bb4 57.Rc1 Bc3 58.Rb1  1/2-1/2

[Event "Chigorin Memorial"]
[Site "St Petersburg RUS"]
[Date "2008.10.08"]
[Round "6"]
[White "Lupik,M"]
[Black "Gorovykh,E"]
[Result "0-1"]
[WhiteElo "2166"]
[BlackElo "2390"]

1.d4 Nf6 2.c4 g6 3.Nc3 Bg7 4.e4 d6 5.Nf3 O-O 6.Be2 e5 7.O-O Nc6 8.d5 Ne7
9.Nd2 Nd7 10.b4 f5 11.f3 f4 12.Ba3 g5 13.c5 Rf6 14.Rc1 a6 15.cxd6 cxd6 16.b5 Rh6
17.Rf2 Bf8 18.Qc2 Nf6 19.bxa6 bxa6 20.Nc4 g4 21.fxg4 Nxg4 22.Bxg4 Bxg4 23.Na4 Ng6
24.h3 Qh4 25.Bxd6 Rc8 26.Bxf8 Rxf8 27.Rcf1 f3 28.Ne3 Bxh3 29.Rxf3 Bd7 30.Rxf8+ Nxf8
31.Nc3 Ng6 32.Rf3 Qh1+ 33.Kf2 Nh4 34.Rg3+ Kf7 35.Nf5 Bxf5 36.exf5 Rf6 37.Qb1 Rxf5+
38.Ke2 Qxb1 39.Nxb1 Rf4 40.Nc3 Nf5 41.Rd3 h5  0-1

[Event "Chigorin Memorial"]
[Site "St Petersburg RUS"]
[Date "2008.10.08"]
[Round "6"]
[White "Stroganov,Ana"]
[Black "Skrjabin,I"]
[Result "0-1"]
[WhiteElo "1953"]
[BlackElo "2110"]

1.d4 Nf6 2.Nf3 g6 3.c4 Bg7 4.Nc3 d6 5.e4 O-O 6.Be2 e5 7.O-O Nc6 8.d5 Ne7
9.b4 Nh5 10.Re1 f5 11.Ng5 Nf6 12.f3 c6 13.Bf1 cxd5 14.Nxd5 h6 15.Nxf6+ Rxf6
16.Nh3 fxe4 17.fxe4 Bxh3 18.gxh3 Nc6 19.Be3 Nd4 20.Bg2 Qb6 21.a3 Raf8 22.Qd3 h5
23.Rf1 Bh6 24.Bxd4 Qxd4+ 25.Qxd4 exd4 26.Rxf6 Be3+ 27.Kh1 Rxf6 28.Rf1 Kg7
29.Rxf6 Kxf6 30.e5+ Kxe5 31.Bxb7 d3 32.Kg2 d2 33.Bf3 Kd4 34.Bd1 Kc3 35.Kf3 Bg1
36.Kg2 Bd4 37.Kg3 Kxc4 38.Kf3 Bb2 39.a4 Kxb4 40.Ke3 Kc3 41.Ke4 Ba3 42.Ke3 d5
43.Bf3 Kc2 44.Kd4 d1=Q+ 45.Bxd1+ Kxd1 46.Kxd5 g5 47.Ke4 Ke2 48.h4 gxh4 49.Kf4 Kf2
50.Kg5 Be7+ 51.Kxh5 Kg2 52.Kg4 h3  0-1

[Event "1st WMSG Rapid Pair"]
[Site "Beijing CHN"]
[Date "2008.10.09"]
[Round "2"]
[White "Batchuluun,C"]
[Black "Erdogdu,M"]
[Result "1-0"]
[WhiteElo "2346"]
[BlackElo "2449"]

1.d4 Nf6 2.c4 g6 3.Nc3 Bg7 4.e4 d6 5.Nf3 O-O 6.Be2 e5 7.O-O Nc6 8.d5 Ne7
9.Ne1 Nd7 10.Nd3 f5 11.Bd2 Kh8 12.Rc1 Nf6 13.f3 c6 14.b4 a6 15.a4 cxd5 16.cxd5 Bd7
17.Nf2 Neg8 18.a5 Bh6 19.Bxh6 Nxh6 20.Na4 Bxa4 21.Qxa4 Qe7 22.Rc2 Rfc8 23.Rfc1 Qd8
24.Qb3 Kg7 25.Rc4 Nhg8 26.Bd3 fxe4 27.Nxe4 Nxe4 28.Bxe4 Ne7 29.f4 exf4 30.Qc3+ Kg8
31.Qf6 Rxc4 32.Rxc4 Qd7 33.Qxf4 Rf8 34.Qe3 Rc8 35.Rxc8+ Qxc8 36.h3 Qc7 37.Kh2 Qd7
38.Bf3 Kg7 39.Qd4+ Kg8 40.Qf6 Nf5 41.Be4 Ne7 42.Bf3 Nf5 43.Qe6+ Qf7 44.Be4 Ne3
45.Qxd6 Qf2 46.Qe6+ Kg7 47.Qe7+ Kh6 48.Bf3 Nf1+ 49.Kh1 Ng3+ 50.Kh2 Nf1+ 51.Kh1 Ng3+
52.Kh2 Nf5 53.Qe5 Nh4 54.Be4 Qe3 55.d6 Qe2 56.Qf4+ g5 57.Qf8+ Kh5 58.Bf3+ Nxf3+
59.Qxf3+  1-0

[Event "Chigorin Memorial"]
[Site "St Petersburg RUS"]
[Date "2008.10.09"]
[Round "7"]
[White "Kaganskiy,G"]
[Black "Korchagina,V"]
[Result "1-0"]
[WhiteElo "2330"]
[BlackElo "2176"]

1.Nf3 Nf6 2.c4 g6 3.Nc3 Bg7 4.e4 d6 5.d4 O-O 6.Be2 e5 7.O-O Nc6 8.d5 Ne7
9.b4 Nh5 10.Re1 a5 11.Ba3 axb4 12.Bxb4 Nf4 13.Bf1 Bg4 14.a4 c5 15.Ba3 f5
16.Bc1 Qd7 17.Ra3 Rae8 18.a5 Kh8 19.Qa4 Qxa4 20.Nxa4 fxe4 21.Ng5 Bf5 22.Nxe4 Bxe4
23.Rxe4 Ng8 24.g3 Nh5 25.Nc3 Nhf6 26.Re2 Re7 27.Rb3 Rff7 28.Bh3 Ne8 29.Be6 Rf3
30.Be3 Bh6 31.Kg2 Rf8 32.Reb2 Bxe3 33.fxe3 Ng7 34.Rxb7 Rxb7 35.Rxb7 Ra8 36.Ne4 Rxa5
37.Ng5 h6 38.Nf7+ Kh7 39.Nxd6 Nf6 40.Kf3 Ra2 41.Rf7 e4+ 42.Nxe4 Nxe4 43.Kxe4 Rd2
44.Ke5 Rd1 45.g4 Rd2 46.h4 Rd1 47.e4 Rd3 48.d6  1-0

[Event "8th YM"]
[Site "Winterthur SUI"]
[Date "2008.10.09"]
[Round "7"]
[White "Rosenthal,Jon"]
[Black "Pokazanjev,N"]
[Result "1-0"]
[WhiteElo "2202"]
[BlackElo "2475"]

1.d4 Nf6 2.c4 g6 3.Nc3 Bg7 4.e4 d6 5.Nf3 O-O 6.Be2 e5 7.O-O Nc6 8.d5 Ne7
9.b4 a5 10.Ba3 axb4 11.Bxb4 Nd7 12.a4 Kh8 13.Qb1 Ng8 14.Bd3 Nc5 15.Bxc5 dxc5
16.a5 Re8 17.Bc2 Nf6 18.Qb2 Nd7 19.Rfd1 Bf8 20.Ne2 f6 21.h4 Bd6 22.Qc1 Nb8
23.Ng3 Na6 24.h5 Kg7 25.Ra3 Nb4 26.Bb1 c6 27.Nh4 cxd5 28.hxg6 hxg6 29.exd5 Rh8
30.Nxg6 Rh6 31.Nf5+ Bxf5 32.Bxf5 Rxg6 33.Bxg6 Kxg6 34.Rg3+ Kf7 35.Qh6 Bf8
36.Qh7+ Ke8 37.d6 Qd7 38.Qh5+ Kd8 39.Rg8 Qe8 40.Qh8 Kd7 41.Qh3+ Qe6 42.Qh7+  1-0

[Event "XV PRO AM Open"]
[Site "Villa Martelli ARG"]
[Date "2008.10.10"]
[Round "1"]
[White "Gibson,T"]
[Black "Palermo,P"]
[Result "1-0"]
[WhiteElo "2252"]
[BlackElo "1785"]

1.d4 Nf6 2.c4 g6 3.Nc3 Bg7 4.e4 d6 5.Be2 O-O 6.Nf3 e5 7.O-O Nc6 8.d5 Ne7
9.Ne1 Nd7 10.Nd3 f5 11.Bd2 Nf6 12.f3 f4 13.c5 g5 14.cxd6 cxd6 15.a4 h5 16.a5 g4
17.a6 b6 18.Be1 Ng6 19.Nb4 gxf3 20.gxf3 Nh7 21.Kh1 Ng5 22.Rg1 Qf6 23.Nb5 Nh3
24.Rg2 Rf7 25.Rc1 Bf8 26.Nc7 Rg7 27.Ne8 Qf7 28.Nxg7 Bxg7 29.Rc6 Qf6 30.Rc7 Qd8
31.Qc2 Ne7 32.Bh4 Bd7 33.Bf6 Nf2+ 34.Kg1 Nh3+ 35.Kf1 Ng5 36.Rxg5 Bh3+ 37.Ke1  1-0

[Event "1st WMSG Blitz Team"]
[Site "Beijing CHN"]
[Date "2008.10.13"]
[Round "1"]
[White "Waqar,M"]
[Black "Diamant,A"]
[Result "0-1"]
[WhiteElo "2207"]
[BlackElo "2412"]

1.d4 Nf6 2.Nf3 g6 3.c4 Bg7 4.Nc3 O-O 5.e4 d6 6.Be2 e5 7.O-O Nc6 8.d5 Ne7
9.Qc2 Nd7 10.Nd2 f5 11.f3 a5 12.a3 f4 13.b3 g5 14.Bb2 Nf6 15.c5 g4 16.cxd6 cxd6
17.Nc4 h5 18.Nb5 Ne8 19.Rfc1 Ng6 20.Bc3 Rf7 21.Be1 Bf6 22.Bf2 g3 23.hxg3 fxg3
24.Bxg3 Bg5 25.Bf2 Nf4 26.Nb6 Bh4 27.Nxc8 Bxf2+ 28.Kxf2 Qh4+ 29.Ke3 Nxg2+
30.Kd3 Qf2 31.Qd2 Nf4+ 32.Kc2 Rxc8+ 33.Kb2 Rxc1 34.Rxc1 Qxe2 35.Qxe2 Nxe2
36.Rc8 Rf8 37.Rd8 h4 38.Nxd6 Nf6 39.Rxf8+ Kxf8 40.Nf5 h3 41.d6 h2 42.d7 Nxd7  0-1

[Event "1st WMSG Blitz Team w"]
[Site "Beijing CHN"]
[Date "2008.10.13"]
[Round "3"]
[White "Johansson,V"]
[Black "Reizniece,D"]
[Result "1/2-1/2"]
[WhiteElo "2179"]
[BlackElo "2335"]

1.d4 Nf6 2.c4 g6 3.Nc3 Bg7 4.e4 d6 5.Be2 O-O 6.Nf3 Nc6 7.O-O e5 8.d5 Ne7
9.Nd2 Nd7 10.b4 a5 11.bxa5 Rxa5 12.a4 b6 13.Ba3 f5 14.Bb4 Ra8 15.a5 bxa5
16.Bxa5 Rb8 17.Nb5 Nb6 18.Qc2 fxe4 19.Nxe4 Bf5 20.f3 Qd7 21.Bd3 Bh6 22.Kh1 Bf4
23.Bd2 Bxe4 24.fxe4 Rb7 25.Bxf4 exf4 26.Qd2 g5 27.Nd4 Ng6 28.Ne6 Re8 29.Nxg5 Na4
30.Ne6 Nc5 31.Nxc5 dxc5 32.Ra6 Qg7 33.Qe2 Rb2 34.Qg4 Rd2 35.Bb1 Rb8 36.Re6 Rdb2
37.Bd3 Rd2 38.Bb1 Kh8 39.Qg5 Rdb2 40.Bd3 R2b3 41.Be2 Rb2 42.Bh5 Rb1 43.Be2 Rxf1+
44.Bxf1 Qa1 45.Qf6+ Qxf6 46.Rxf6 Kg7 47.Re6 Rb1 48.Kg1 Re1 49.Kf2 Rc1 50.Rc6 Ne5
51.Rxc7+ Kg6 52.Be2 Rc2 53.Ke1 Rb2 54.Rxc5 Kf6 55.Rc7 h6 56.Bh5 Nd3+ 57.Kd1 Nf2+
58.Kc1 Nd3+ 59.Kd1 Nf2+ 60.Ke1 Nd3+ 61.Kd1 Nf2+ 62.Ke1 Nd3+  1/2-1/2

[Event "1st WMSG Blitz Team"]
[Site "Beijing CHN"]
[Date "2008.10.13"]
[Round "4"]
[White "Gonzalez Garcia,J2"]
[Black "Mrva,Mart"]
[Result "1-0"]
[WhiteElo "2508"]
[BlackElo "2467"]

1.d4 Nf6 2.c4 g6 3.Nc3 Bg7 4.e4 d6 5.Be2 O-O 6.Nf3 e5 7.O-O Nc6 8.d5 Ne7
9.Nd2 Nd7 10.b4 a5 11.bxa5 Rxa5 12.a4 f5 13.Nb3 Ra8 14.Ba3 b6 15.Bb4 Nc5
16.a5 Nxb3 17.Qxb3 c5 18.dxc6 Nxc6 19.c5+ Kh8 20.cxb6 fxe4 21.Nxe4 Nd4 22.Qb2 Rf4
23.Nxd6 e4 24.Qd2 Be5 25.Qxf4 Nxe2+ 26.Kh1 Nxf4 27.Nf7+ Kg7 28.Nxd8 Bxa1
29.Rxa1 Ba6 30.Nc6 Nd3 31.Bc3+ Kf8 32.Kg1 Rc8 33.Nb4 Rxc3 34.Nxa6 Rb3 35.h4 Ke7
36.Ra2 Kd6 37.Nc7 Nc5 38.a6 Nxa6 39.Rxa6 Kc6 40.Ne6 Rb1+ 41.Kh2 Rd1 42.Ra7 Kxb6
43.Rxh7 Rd2 44.Rf7 Kc6 45.Rf6 Kd7 46.Kg3 Ke7 47.Rxg6 Rd6 48.Nf4 Rd2 49.h5 Kf7
50.h6 Rd3+ 51.Nxd3 Kxg6 52.Nc5  1-0

[Event "1st WMSG Blitz Team"]
[Site "Beijing CHN"]
[Date "2008.10.13"]
[Round "4"]
[White "Genutis,M"]
[Black "Di Berardino,D"]
[Result "0-1"]
[WhiteElo "2325"]
[BlackElo "2502"]

1.d4 Nf6 2.c4 g6 3.Nc3 Bg7 4.e4 d6 5.Nf3 O-O 6.Be2 e5 7.O-O Nc6 8.d5 Ne7
9.b4 a5 10.Ba3 axb4 11.Bxb4 Nd7 12.a4 Bh6 13.a5 f5 14.Ne1 Nf6 15.Bf3 Kh8
16.c5 fxe4 17.cxd6 cxd6 18.Nxe4 Nf5 19.Nxf6 Qxf6 20.Bg4 Ne3 21.Qf3 Bxg4 22.Qxf6+ Rxf6
23.Bd2 Nxf1 24.Bxh6 Be2 25.Ra2 Ba6 26.Rc2 Rf7 27.Bg5 Kg8 28.h3 h5 29.Bh4 e4
30.Bg5 Re8 31.Rc3 e3 32.fxe3 Nd2 33.Nc2 Rf1+ 34.Kh2 Ne4  0-1

[Event "1st WMSG Blitz Team"]
[Site "Beijing CHN"]
[Date "2008.10.13"]
[Round "7"]
[White "Mrva,Mart"]
[Black "Ahmed,Abdu"]
[Result "1-0"]
[WhiteElo "2467"]
[BlackElo "2246"]

1.Nf3 Nf6 2.c4 g6 3.Nc3 Bg7 4.e4 d6 5.d4 O-O 6.Be2 e5 7.O-O Nc6 8.d5 Ne7
9.b4 Nh5 10.Re1 f5 11.Ng5 Nf6 12.Bf3 a5 13.bxa5 c6 14.Bd2 Rxa5 15.Qb3 Kh8
16.c5 fxe4 17.Ncxe4 Rb5 18.Qa4 Nxe4 19.Nxe4 dxc5 20.Bg5 cxd5 21.Qxb5 dxe4
22.Bxe4 Qc7 23.Rab1 Nc6 24.Qxc5 Qf7 25.f3 Nd4 26.Be7 Re8 27.Bd6 Qxa2 28.Bd5 Qd2
29.Rbd1 Qf4 30.Rxd4 Qxd4+ 31.Qxd4  1-0

[Event "1st WMSG Blitz Team"]
[Site "Beijing CHN"]
[Date "2008.10.13"]
[Round "9"]
[White "Kraai,J"]
[Black "Erdogdu,M"]
[Result "0-1"]
[WhiteElo "2502"]
[BlackElo "2449"]

1.Nf3 Nf6 2.c4 g6 3.Nc3 Bg7 4.e4 d6 5.d4 O-O 6.Be2 e5 7.O-O Nc6 8.dxe5 dxe5
9.Bg5 Qxd1 10.Rfxd1 h6 11.Be3 Be6 12.Nd5 Bxd5 13.exd5 Ne7 14.Nxe5 Nfxd5 15.cxd5 Bxe5
16.Bxh6 Rfe8 17.Bc4 Nf5 18.Bg5 Nd6 19.Bf1 Bxb2 20.Rab1 Be5 21.Rdc1 Rac8 22.g3 Bd4
23.Bf4 Bb6 24.Kg2 Rcd8 25.a4 a5 26.h4 Re4 27.Ra1 Rb4 28.Kf3 Rb3+ 29.Kg2 Rb2
30.Kh3 Rxf2 31.Rab1 Ra2 32.Bg5 Re8 33.Bf4 Be3 34.Bxd6 cxd6 35.Re1 Re5 36.Rxb7 f5
37.Bb5 Bd4 38.Rxe5 Bxe5 39.h5 g5 40.h6 Ra3 41.Kg2 Rxg3+ 42.Kf2 Rh3 43.Bd7 g4
44.Bxf5 Rf3+ 45.Kg2 Rxf5 46.Rb5 Bc3 47.Kg3 Rh5 48.Kxg4 Rxh6 49.Rb6 Bb4 50.Kf5 Kf7
51.Rb7+ Ke8 52.Rg7 Kd8 53.Rf7 Kc8 54.Rg7 Rh3 55.Ke6 Re3+ 56.Kf7 Re5 57.Rg2 Rxd5
58.Ke6 Re5+ 59.Kf6 Kd7 60.Rh2 Kc6 61.Rc2+ Rc5 62.Rb2 Bc3+  0-1

[Event "1st WMSG Rapid Team"]
[Site "Beijing CHN"]
[Date "2008.10.15"]
[Round "5"]
[White "Ali Laith,A"]
[Black "Iwasaki,Y"]
[Result "1-0"]
[WhiteElo "2283"]
[BlackElo "2110"]

1.d4 Nf6 2.Nf3 g6 3.c4 Bg7 4.Nc3 d6 5.e4 O-O 6.Be2 e5 7.O-O Nc6 8.d5 Ne7
9.Ne1 Nd7 10.Be3 f5 11.f3 f4 12.Bf2 g5 13.Rc1 Rf6 14.b4 Rh6 15.Nd3 Qe8 16.Be1 Qh5
17.h3 Nb6 18.Nf2 Qe8 19.c5 dxc5 20.bxc5 Nd7 21.Nb5 Qd8 22.c6 bxc6 23.dxc6 Rxc6
24.Rxc6 Nxc6 25.Qd5+ Kh8 26.Qxc6 Rb8 27.Ba5 Qf6 28.Qxf6 Bxf6 29.Bxc7 Rb7
30.Rc1 a6 31.Nd6 Rb2 32.Kf1 Bb7 33.Ng4 Be7 34.Nxb7 Rxb7 35.Bxa6 Ra7 36.Bb5 h5
37.Bxd7 hxg4 38.Bxe5+ Kh7 39.Bf5+ Kh6 40.Rc6+ Bf6 41.Rxf6+ Kg7 42.Ra6+  1-0

[Event "1st WMSG Rapid Team w"]
[Site "Beijing CHN"]
[Date "2008.10.15"]
[Round "6"]
[White "Berezina,I"]
[Black "Zenyuk,I"]
[Result "1/2-1/2"]
[WhiteElo "2252"]
[BlackElo "2237"]

1.Nf3 Nf6 2.d4 g6 3.c4 Bg7 4.Nc3 d6 5.e4 O-O 6.Be2 e5 7.O-O Nc6 8.d5 Ne7
9.Kh1 Ne8 10.Ne1 f5 11.exf5 gxf5 12.f4 Ng6 13.g3 Nf6 14.Ng2 Qe7 15.a4 Bd7
16.a5 a6 17.Bd2  1/2-1/2

[Event "1st WMSG Rapid Team"]
[Site "Beijing CHN"]
[Date "2008.10.15"]
[Round "6"]
[White "Likavsky,T"]
[Black "Korobov,A"]
[Result "1-0"]
[WhiteElo "2498"]
[BlackElo "2605"]

1.d4 Nf6 2.c4 g6 3.Nc3 Bg7 4.e4 d6 5.Nf3 O-O 6.Be2 e5 7.O-O Nc6 8.d5 Ne7
9.Ne1 Nd7 10.Be3 f5 11.f3 f4 12.Bf2 h5 13.a4 g5 14.a5 Ng6 15.Nb5 Nf6 16.Nxa7 Bd7
17.c5 g4 18.c6 bxc6 19.Nxc6 Qe8 20.a6 h4 21.Kh1 g3 22.Bg1 h3 23.gxh3 Bxh3
24.Rf2 Nh4 25.Rg2 Nh5 26.Bf1 Rf6 27.Qd3 Rh6 28.Rc2 Qd7 29.a7 g2+ 30.Bxg2 Ng3+
31.hxg3 Bxg2+ 32.Rxg2 Nxf3+ 33.Bh2 Nxe1  1-0

[Event "1st WMSG Rapid Team"]
[Site "Beijing CHN"]
[Date "2008.10.15"]
[Round "6"]
[White "Pedersen,Stef"]
[Black "Esenov,An"]
[Result "1-0"]
[WhiteElo "2457"]
[BlackElo "2319"]

1.d4 Nf6 2.c4 g6 3.Nc3 Bg7 4.e4 d6 5.Nf3 O-O 6.Be2 e5 7.O-O Nc6 8.d5 Ne7
9.b4 Nh5 10.Re1 Nf4 11.Bf1 f5 12.Bxf4 exf4 13.e5 a5 14.bxa5 Rxa5 15.Qd2 dxe5
16.Nxe5 g5 17.Rad1 Qd6 18.Nd3 b6 19.Nb5 Qd7 20.Ne5 Bxe5 21.Rxe5 Ng6 22.Ree1 Ba6
23.d6 cxd6 24.Qb4 Qc8 25.Rxd6 Qc5 26.Qd2 g4 27.Rd5 Qc6  1-0

[Event "1st WMSG Rapid Team"]
[Site "Beijing CHN"]
[Date "2008.10.16"]
[Round "7"]
[White "Gonzalez Garcia,J2"]
[Black "Can,E"]
[Result "0-1"]
[WhiteElo "2508"]
[BlackElo "2464"]

1.d4 Nf6 2.c4 g6 3.Nc3 Bg7 4.e4 d6 5.Be2 O-O 6.Nf3 e5 7.O-O Nc6 8.d5 Ne7
9.Nd2 a5 10.a3 Bd7 11.Rb1 a4 12.b4 axb3 13.Ra1 c5 14.Nxb3 Ne8 15.a4 f5 16.a5 Nf6
17.f3 Bc8 18.Bd2 Ra6 19.Ra3 f4 20.Na4 Nd7 21.Nc1 h5 22.Nd3 Kh7 23.Qc2 Ng8
24.Rb1 Bf6 25.Rab3 Bh4 26.Rxb7 Bxb7 27.Rxb7 Rf7 28.Qb3 Ngf6 29.Qb5 Qa8 30.Rc7 Ra7
31.Qc6 Qxc6 32.Rxc6 Ne8 33.Rc8 Rf8 34.Nb6 Nxb6 35.axb6 Rb7 36.Ba5 Kg7 37.Bd1 Nf6
38.Rc6 Nd7 39.Rxd6 Ra8 40.Bc3 Ra3 41.Rxd7+ Rxd7 42.Bxe5+ Bf6 43.Bxf6+ Kxf6
44.Nxc5 Rd8 45.Nb3 Rc8 46.b7 Rb8 47.Nc5 Ke7 48.Kf1 Kd6 49.Ne6 Rxb7 50.c5+ Ke5
51.c6 Rb1 52.Ke1 Raa1  0-1

[Event "Milton Keynes Open"]
[Site "Newport Pagnell ENG"]
[Date "2008.10.16"]
[Round "5"]
[White "Bonafont,P"]
[Black "Hebden,M"]
[Result "0-1"]
[WhiteElo "2126"]
[BlackElo "2515"]

1.d4 Nf6 2.Nf3 g6 3.c4 Bg7 4.Nc3 O-O 5.e4 d6 6.Be2 e5 7.O-O Nc6 8.d5 Ne7
9.b4 Nh5 10.Re1 Kh8 11.Bf1 f5 12.Ng5 f4 13.Bb2 Bf6 14.Ne6 Bxe6 15.dxe6 Ng7
16.Nd5 Nxe6 17.Nxf6 Rxf6 18.c5 Nc6 19.Qb3 Ncd4 20.Qc4 g5 21.Rad1 Qe7 22.cxd6 cxd6
23.Rd2 g4 24.Bxd4 Nxd4 25.Red1 Raf8 26.Rxd4 exd4 27.Rxd4 g3 28.f3 Qe5 29.h3 R6f7
30.Rd5 Qb2 31.Rxd6 Rc7 32.Qe2 Rc2  0-1